000 00679nam a2200205Ia 4500
001 16954
003 GE_BSU
008 181216s||||||||xx |||||||||||||| ||und||
040 _cGE_BSU
080 _a821.353.1-31 + 821.134.2(092სერვანტესი)
100 _aაგიაშვილი, ნიკა
245 _aსერვანტესის ცხოვრება
245 _cრედ.ქ.თავაძე
260 _aთბილისი
260 _bსაბჭ. საქართველო
260 _c1973
300 _a337გვ. ; 15სმ
653 _aსერვანტესის ცხოვრება.
942 _cBK
999 _c50016
_d50016